000 05748nam a22003017a 4500
005 20251218133806.0
008 190530b2018 xxu||||| |||| 00| 0 spa d
020 _a9789587782691
041 _aESP
082 _a658.575 SCH357c
100 _aSchnarch Kirberg, Alejandro
_923904
245 _aCreatividad e innovación
260 _aMéxico
260 _bAlfaomega
260 _c2018
300 _a268 páginas
490 _aDirección y Administración de Empresas
650 _aDESARROLLO DE NUEVOS PRODUCTOS NEGOCIOS
650 _aPLANEACIÓN ESTRATÉGICA
650 _aCREATIVIDAD
650 _aPROCESO CREATIVO
650 _aTÉCNICAS
650 _aINNOVACIÓN EN LA EMPRESA
650 _aCLASES DE INNOVACIÓN
650 _aDESARROLLO DE PRODUCTOS
650 _aNUEVOS SERVICIOS
942 _cBK
_2ddc
999 _c11972
_d11972